Antenna engineering handbook (Record no. 2019)

MARC details
000 -LEADER
fixed length control field 00580nam a2200193Ia 4500
003 - CONTROL NUMBER IDENTIFIER
control field IN-BaIIA
008 - FIXED-LENGTH DATA ELEMENTS--GENERAL INFORMATION
fixed length control field 211028s9999 xx 000 0 eng d
040 ## - CATALOGING SOURCE
Transcribing agency IIA Library
080 ## - UNIVERSAL DECIMAL CLASSIFICATION NUMBER
Universal Decimal Classification number (035)621.396.67
Item number JAS
245 #0 - TITLE STATEMENT
Title Antenna engineering handbook
Statement of responsibility, etc. edited by Hlenry Jasik
260 ## - PUBLICATION, DISTRIBUTION, ETC.
Place of publication, distribution, etc. New York
Name of publisher, distributor, etc. McGraw-Hill
Date of publication, distribution, etc. 1961
300 ## - PHYSICAL DESCRIPTION
Extent [various pagings.]
490 ## - SERIES STATEMENT
Series statement McGraw-Hill Handbook
650 ## - SUBJECT ADDED ENTRY--TOPICAL TERM
Topical term or geographic name entry element Antennas
9 (RLIN) 2176
650 ## - SUBJECT ADDED ENTRY--TOPICAL TERM
Topical term or geographic name entry element Handbooks-Antennas
9 (RLIN) 3810
650 ## - SUBJECT ADDED ENTRY--TOPICAL TERM
Topical term or geographic name entry element NASA Thesaurus
700 ## - ADDED ENTRY--PERSONAL NAME
Personal name Jasik, Hlenry, ed.
9 (RLIN) 3811
942 ## - ADDED ENTRY ELEMENTS (KOHA)
Koha item type Books
Holdings
Withdrawn status Lost status Damaged status Not for loan Home library Current library Shelving location Date acquired Cost, normal purchase price Total Checkouts Full call number Barcode Date last seen Cost, replacement price Price effective from Koha item type Purchase Price
        IIA Library-Bangalore IIA Library-Bangalore General Stacks   99.00   (035)621.396.67/ JAS 2263 05/11/2021 99.00   Books Rs. 99.00

Powered by Koha